000 00673cam a2200253 4500
001 ABS61900
008 000000n2000 000 0 eng u
035 _a(Sirsi) u104373
100 _aKenny, P.
245 4 _aThe standard commercial property conditions
260 _c2000
490 _aThe Conveyancer
_v64 January/February 2000 11-20(9)
520 _aComments on the new standard conditions.
590 _aABS
600 _aOCCUPATION
650 _aLAW SOCIETY
650 _aOYEZ
650 _aSTANDARD CONDITIONS OF SALE
650 _aLEASES
650 _aCOMPLETION
650 _aTITLE DEEDS
690 _aPROPERTY-COMMERCIAL PROPERTY
942 _n0
999 _c62618
_d62618